| 000 | 01190nab a22002537a 4500 | ||
|---|---|---|---|
| 999 |
_c5955 _d5955 |
||
| 003 | OSt | ||
| 005 | 20260114131137.0 | ||
| 008 | 190605e xxu||||| |||| 00| 0 spa d | ||
| 040 | _cPJ | ||
| 100 |
_96164 _aMoscuzza, Stella Maris |
||
| 245 | 1 | 0 |
_aDistintas causas de extinción del contrato de ajuste de la gente de mar / _cStella Maris Moscuzza |
| 260 |
_aCiudad Autónoma de Buenos Aires : _bThomson Reuters La Ley, _c2024. |
||
| 300 | _ap. 50-73 | ||
| 500 | _aCita: TR LALEY AR/DOC/892/2024. | ||
| 505 | _aSumario: I. Introducción.— II. Las normas que regulan el trabajo de la gente de mar.— III. La extinción del contrato de ajuste.— IV. Reflexiones finales.— V. Bibliografía complementaria. | ||
| 505 | _t¿Te interesa el texto completo? Solicitalo al correo: koha@justierradelfuego.gov.ar | ||
| 650 | 0 |
_91316 _aDERECHO LABORAL |
|
| 650 | 0 |
_91323 _aCONTRATO DE TRABAJO |
|
| 650 | 0 |
_91803 _aRELACIONES LABORALES |
|
| 650 | 0 |
_96170 _aFRAUDE LABORAL |
|
| 650 | 0 |
_94184 _aOBLIGACIONES DEL EMPLEADOR |
|
| 773 | 0 |
_02711 _93168 _dCiudad Autónoma de Buenos Aires : Thomson Reuters La Ley, 1999-2002. _tRevista de derecho del trabajo. Nº 4 - Julio 2024 |
|
| 942 |
_2udc _cANA |
||